| 000 | 00997naa a22002777u 4500 | ||
|---|---|---|---|
| 001 | 07458 | ||
| 003 | HDC | ||
| 007 | cr bn ---aaaaa | ||
| 008 | 010417s2000 at 001 0 eng | ||
| 040 | _aHDC | ||
| 100 |
_aVIJAYAN, K.K., _eauthor _98003 |
||
| 245 | 0 |
_aBLACK PEPPER : _bPHARMACOLOGY, TOXICOLOGY AND CLINICAL APPLICATIONS OF BLACK PEPPER / _cby K.K.VIJAYAN and R.V.AJITHAN THAMPURAN |
|
| 260 |
_aAustralia : _bHarwood Academic, _c2000 |
||
| 300 | _a12 pages | ||
| 336 |
_atext _2rdacontent |
||
| 337 |
_acomputer _2rdamedia |
||
| 338 |
_aonline resource _2rdacarrier |
||
| 500 | _aOriginal from book | ||
| 650 |
_aBlack pepper (Plant) _97984 |
||
| 650 |
_aBlack pepper (Plant) _xTherapeutic use _97985 |
||
| 700 |
_aRavindran, P. N., _eeditor _97986 |
||
| 856 | _zRequest full-text at [email protected] | ||
| 942 | _2lcc | ||
| 942 | _cCHAP | ||
| 942 | _kEBCH 000606 | ||
| 999 |
_c4781 _d4781 |
||